00449nam a2200157Ia 4500008004100000020001800041082001900059100001900078245002800097250000700125260004400132300002500176500001900201600002100220650005000241240925s9999 xx 000 0 und d a9788126557677 a005.754076 POU aPoulton, Nigel 0aData Storage Networking aNA aNew Delhi:bJohn Wiley and Sonsc,2015. a486p.bN.AfOriginal aIncludes Index aComputer Science aComputer science, information & general works